[Event "Centrocoop op"]
[Site "Eforie Nord"]
[Date "2000.??.??"]
[Round "?"]
[White "Itine, Lev"]
[Black "Diaconu, Mihai"]
[Result "0-1"]
[WhiteElo "1650"]
[BlackElo "1630"]
[PlyCount "111"]
[EventDate "2000.??.??"]
[EventType "swiss"]
[EventRounds "9"]
[EventCountry "ROU"]
[SourceTitle "EXT 2004"]
[Source "ChessBase"]
[SourceDate "2003.11.25"]
[SourceVersion "1"]
[SourceVersionDate "2003.11.25"]
[SourceQuality "1"]

1. d4 e6 2. Nc3 d5 3. Nf3 h6 4. a3 Nf6 5. Bf4 a6 6. h3 Be7 7. e3 Nc6 8. Bd3 Bd7 9. 0-0 Nh5 10. Bh2 f5 11. Ne5 Nxe5 12. Bxe5 Nf6 13. Bxf6 Bxf6 14. Qh5+ Ke7 15. Ne2 Be8 16. Qf3 h5 17. c4 c6 18. Qg3 g5 19. f3 Bg6 20. Qf2 Qc7 21. cxd5 exd5 22. Rad1 Raf8 23. Qg3 Qb6 24. b4 h4 25. Qh2 Kf7 26. Qd6 Re8 27. Kf2 Re6 28. Qc5 Qc7 29. Rfe1 Rhe8 30. Nc1 Qg3+ 31. Kg1 Rxe3 32. Rf1 Qf4 33. Nb3 Qc7 34. Qc2 Qc8 35. a4 b5 36. a5 Be7 37. Qc3 Bd6 38. Rfe1 Qe6 39. Kf1 Rxe1+ 40. Rxe1 Qxe1+ 41. Qxe1 Rxe1+ 42. Kxe1 Bxb4+ 43. Ke2 Ke6 44. Kf2 Bh5 45. Ke2 Kf6 46. Kf2 g4 47. fxg4 fxg4 48. hxg4 Bxg4 49. Ke3 Bd1 50. Nc5 Bxc5 51. dxc5 Ke5 52. Bg6 Bc2 53. Bxc2 d4+ 54. Kd2 Kd5 55. Bf5 Kxc5 56. Bc8 0-1

[Event "Centrocoop op"]
[Site "Eforie Nord"]
[Date "2000.??.??"]
[Round "?"]
[White "Itine, Lev"]
[Black "Hlinschi, Mihai"]
[Result "1/2-1/2"]
[WhiteElo "1650"]
[BlackElo "1775"]
[PlyCount "95"]
[EventDate "2000.??.??"]
[EventType "swiss"]
[EventRounds "9"]
[EventCountry "ROU"]
[SourceTitle "EXT 2004"]
[Source "ChessBase"]
[SourceDate "2003.11.25"]
[SourceVersion "1"]
[SourceVersionDate "2003.11.25"]
[SourceQuality "1"]

1. d4 d5 2. Nf3 f5 3. Bf4 Nf6 4. h3 h5 5. Ne5 Nbd7 6. Ng6 Rg8 7. e3 Kf7 8. Ne5+ Nxe5 9. Bxe5 e6 10. a3 g6 11. Nd2 Bd6 12. Nf3 Bxe5 13. Nxe5+ Kg7 14. Bd3 c6 15. 0-0 Nd7 16. f4 Nxe5 17. dxe5 b5 18. Qe1 a5 19. b4 a4 20. c3 g5 21. Kh1 Kh6 22. g3 Ra7 23. Ra2 Rag7 24. Rg2 Bd7 25. Rfg1 Be8 26. Qf2 g4 27. h4 Qb6 28. Qd2 c5 29. Kh2 Bc6 30. Rf2 Rd8 31. Qc1 Rc7 32. Re1 Rdc8 33. Rc2 Bd7 34. Qd2 Kg6 35. Rec1 Bc6 36. Qf2 Qa7 37. Qd2 Bd7 38. Qe1 cxb4 39. cxb4 Qb6 40. Qd2 Kf7 41. Rxc7 Rxc7 42. Rxc7 Qxc7 43. Qc2 Qxc2+ 44. Bxc2 Ke7 45. Kg2 Kd8 46. Kf2 Kc7 47. Ke2 Kc6 48. Kd3 1/2-1/2

[Event "Centrocoop op"]
[Site "Eforie Nord"]
[Date "2000.??.??"]
[Round "?"]
[White "Itine, Lev"]
[Black "Linca, Ionel"]
[Result "0-1"]
[WhiteElo "1650"]
[BlackElo "2050"]
[PlyCount "72"]
[EventDate "2000.??.??"]
[EventType "swiss"]
[EventRounds "9"]
[EventCountry "ROU"]
[SourceTitle "EXT 2004"]
[Source "ChessBase"]
[SourceDate "2003.11.25"]
[SourceVersion "1"]
[SourceVersionDate "2003.11.25"]
[SourceQuality "1"]

1. d4 Nf6 2. c4 e6 3. Nc3 Bb4 4. Bd2 c5 5. e3 Bxc3 6. Bxc3 Ne4 7. Qc2 Nxc3 8. Qxc3 Qf6 9. Nf3 b6 10. Be2 Bb7 11. Rd1 d6 12. 0-0 Nd7 13. a3 Rd8 14. Rd2 0-0 15. Rfd1 d5 16. b4 cxb4 17. axb4 Rc8 18. Ne5 Nxe5 19. dxe5 Qg6 20. Qc2 f5 21. Rd4 dxc4 22. Bf1 Bd5 23. b5 Rc7 24. Qc3 Rc5 25. Rb1 f4 26. Rdd1 Bxg2 27. Bxg2 f3 28. Kf1 Qxg2+ 29. Ke1 Qg1+ 30. Kd2 Rd8+ 31. Kc1 Qxf2 32. Rd2 Rxd2 33. Qxd2 Qxd2+ 34. Kxd2 c3+ 35. Kc2 Rxe5 36. Kxc3 Rxe3+ 0-1